Statistics for Largest Country containing Letters A-Z

Click here to take the quiz!

General Stats

  • This quiz has been taken 281 times
  • The average score is 20 of 26

Answer Stats

LETTER COUNTRY % Correct
ARussia
97%
BBrazil
95%
CCanada
95%
EUnited States
95%
HChina
92%
KKazakhstan
84%
GArgentina
78%
XMexico
78%
FDemocratic Republic of the Congo
69%
JJapan
67%
QMozambique
54%
YLibya
31%
VBolivia
16%
WBotswana
11%

Score Distribution

Percentile by Number Answered

Percent of People with Each Score

Your Score History

You have not taken this quiz